00685nam a2200205Ia 4500952012900000999001500129003000400144005001700148008004100165020001800206040000900224082001800233100003000251245008000281250001200361260004200373300000900415650001300424942004200437 00102ddc40708LITaMESbMEScENGd2019-02-20g495.00l0o808.02 WAL/Yp37730r2019-02-20 00:00:00w2019-02-20yBKzGR15R1 c7949d7949OSt20200122153757.0190216s9999||||xx |||||||||||||| ||und|| a9788132107514 coclc a808.02bWAL/Y a Walliman, Nicholas91441 0aYour Research Project Designing And Planning Your Work /cNicholas Walliman a3rd ed. bSage Publications,c2011.aNew Delhi: a378p aCommerce cBK2ddch808.02iWAL/Yk808.02mWAL/Y